Creative home decor in polymer clay
| Main Author: | |
|---|---|
| Format: | Book |
| Published: |
Writers Digest Book ,
2001
|
| Subjects: |
MARC
| LEADER | 00000cam a2200000 7i4500 | ||
|---|---|---|---|
| 001 | 0000010236 | ||
| 005 | 20050617.0 | ||
| 020 | |a 1581801394 | ||
| 040 | |a INS | ||
| 090 | 0 | 0 | |a TT297. |b H42696 2001 |
| 100 | 1 | |a Heaser, Sue | |
| 245 | 1 | 0 | |a Creative home decor in polymer clay |c Sue Heaser |
| 260 | |a Writers Digest Book , |c 2001 | ||
| 650 | 0 | 0 | |a Handicraft ceramic art |
| 999 | |a 0000009554 |b BOOK |c Open Shelf |e Default branch | ||